[Event "FRA-chT3"]
[Site "France"]
[Date "2001.??.??"]
[Round "8"]
[White "D'Hamelincourt, Gilbert"]
[Black "Cazorla, Arnaud"]
[Result "0-1"]
[WhiteElo "1780"]
[BlackElo "1780"]
[PlyCount "80"]
[EventDate "2001.??.??"]
[EventType "team"]
[EventRounds "9"]
[EventCountry "FRA"]
[SourceTitle "EXT 2003"]
[Source "ChessBase"]
[SourceDate "2002.11.25"]
[SourceVersion "1"]
[SourceVersionDate "2002.11.25"]
[SourceQuality "1"]

1. d4 d5 2. Nf3 Nf6 3. Bf4 e6 4. Nbd2 Be7 5. e3 0-0 6. h3 Nbd7 7. Bd3 b6 8. c3 Bb7 9. Qc2 Rc8 10. Ne5 h6 11. g4 c5 12. Qd1 Ne4 13. Nxe4 dxe4 14. Nxd7 exd3 15. Nxf8 Bxh1 16. Nxe6 fxe6 17. Qxd3 Qd5 18. Qa6 Qb7 19. Qxb7 Bxb7 20. dxc5 Bxc5 21. 0-0-0 Bg2 22. Rd7 Bxh3 23. Be5 Bf8 24. Rxa7 Bxg4 25. Rb7 Rc6 26. Bd4 Bf3 27. Rxb6 Rxb6 28. Bxb6 Bd6 29. a4 g5 30. a5 h5 31. Bd8 h4 32. Bxg5 h3 33. Bf4 Bxf4 34. exf4 h2 35. Kd2 h1Q 36. Ke3 Bd5 37. b4 Qf3+ 38. Kd4 Qxf4+ 39. Kc5 Qc4+ 40. Kb6 Qc6+ 0-1

[Event "Provence-ch access Vitrolles 9900"]
[Site "France"]
[Date "1999.??.??"]
[Round "2"]
[White "D'Hamelincourt, Gilbert"]
[Black "Estevez, Dorothee"]
[Result "0-1"]
[WhiteElo "1880"]
[BlackElo "1780"]
[PlyCount "44"]
[EventDate "1999.??.??"]
[EventType "tourn"]
[EventRounds "9"]
[EventCountry "FRA"]
[SourceTitle "EXT 2005"]
[Source "ChessBase"]
[SourceDate "2004.11.15"]
[SourceVersion "1"]
[SourceVersionDate "2004.11.15"]
[SourceQuality "1"]

1. d4 Nf6 2. c4 e6 3. Nc3 d5 4. cxd5 Nxd5 5. e4 Nf6 6. Bg5 Be7 7. Nf3 0-0 8. Bd3 Nbd7 9. Qc2 h6 10. Bh4 b6 11. h3 Bb7 12. g4 c5 13. Rg1 cxd4 14. Nxd4 Ne5 15. Nce2 Rc8 16. Qd2 Bb4 17. Nc3 Qxd4 18. Rg3 Rxc3 19. bxc3 Bxc3 20. Rd1 Nxd3+ 21. Rxd3 Qxd3 22. Bxf6 gxf6 0-1

[Event "Provence-ch prom Vitrolles 9899"]
[Site "France"]
[Date "1998.??.??"]
[Round "3"]
[White "D'Hamelincourt, Gilbert"]
[Black "Mosti, Alain"]
[Result "1-0"]
[WhiteElo "1640"]
[BlackElo "1700"]
[PlyCount "121"]
[EventDate "1998.??.??"]
[EventType "tourn"]
[EventRounds "9"]
[EventCountry "FRA"]
[SourceTitle "EXT 2005"]
[Source "ChessBase"]
[SourceDate "2004.11.15"]
[SourceVersion "1"]
[SourceVersionDate "2004.11.15"]
[SourceQuality "1"]

1. d4 Nf6 2. Nf3 e6 3. Bf4 Nc6 4. h3 d5 5. e3 Bd6 6. Ne5 Bxe5 7. dxe5 Nd7 8. Qg4 Kf8 9. Qh5 Qe8 10. Bb5 f5 11. Qxe8+ Kxe8 12. g4 Ne7 13. Bg3 c6 14. Be2 a5 15. a4 Nc5 16. Nd2 Bd7 17. 0-0 fxg4 18. hxg4 Kf7 19. Kg2 g6 20. Rh1 b5 21. axb5 cxb5 22. c3 Bc6 23. f3 h5 24. gxh5 gxh5 25. b4 Nb7 26. Nb3 a4 27. Nd4 Rag8 28. Kf2 Nf5 29. Nxf5 exf5 30. f4 Kg6 31. Bh4 Kf7 32. Rh2 Nd8 33. Bd3 Ke6 34. Bxd8 Rxd8 35. Rg1 Rdg8 36. Rxg8 Rxg8 37. Rxh5 Rf8 38. Ke2 a3 39. Bb1 Be8 40. Rh6+ Ke7 41. Ra6 Rh8 42. Rxa3 Rh2+ 43. Kd3 Bh5 44. Ra2 Rh1 45. Bc2 Bf3 46. Kd4 Be4 47. Bb3 Kd7 48. Rd2 Kc6 49. Bd1 Rh8 50. Be2 Rb8 51. Ra2 Kb6 52. Ra5 Kc6 53. Ra6+ Kd7 54. Ra7+ Kc6 55. e6 Kd6 56. e7 Re8 57. Bxb5 Rxe7 58. Rxe7 Kxe7 59. Bd3 Bxd3 60. Kxd3 Kd6 61. Kd4 1-0

[Event "Provence-ch prom Vitrolles 9899"]
[Site "France"]
[Date "1998.??.??"]
[Round "1"]
[White "La Orden, JC."]
[Black "D'Hamelincourt, Gilbert"]
[Result "0-1"]
[WhiteElo "1580"]
[BlackElo "1640"]
[PlyCount "78"]
[EventDate "1998.??.??"]
[EventType "tourn"]
[EventRounds "9"]
[EventCountry "FRA"]
[SourceTitle "EXT 2005"]
[Source "ChessBase"]
[SourceDate "2004.11.15"]
[SourceVersion "1"]
[SourceVersionDate "2004.11.15"]
[SourceQuality "1"]

1. e4 d6 2. d4 Nf6 3. Bd3 Nc6 4. Nf3 Bg4 5. c3 h6 6. h3 Bh5 7. Be3 e6 8. Nbd2 g5 9. g4 Bg6 10. b4 d5 11. Qc2 dxe4 12. Nxe4 Nxe4 13. Bxe4 Bxe4 14. Qxe4 Be7 15. 0-0 Qd5 16. Qxd5 exd5 17. Ne5 Nd8 18. f4 Rg8 19. f5 f6 20. Nd3 b6 21. a4 Nf7 22. Rfe1 Nd6 23. Nb2 Kd7 24. b5 a6 25. bxa6 Rxa6 26. Kg2 Rga8 27. Kf3 b5 28. a5 Rxa5 29. Rxa5 Rxa5 30. Bf2 Ne4 31. Re3 Ra2 32. Nd1 Rd2 33. Re1 b4 34. cxb4 Bxb4 35. Rf1 Nxf2 36. Nxf2 Rxd4 37. Rb1 Bc5 38. Rb2 Rf4+ 39. Kg2 Bxf2 0-1